| 000 | 01491nam a2200337Ia 4500 | ||
|---|---|---|---|
| 001 | ebr10333416 | ||
| 003 | CaPaEBR | ||
| 006 | m u | ||
| 007 | cr cn||||||||| | ||
| 008 | 081016s2009 enk sb 001 0 eng d | ||
| 020 | _z9781845118075 (hbk.) | ||
| 020 | _z1845118073 (hbk.) | ||
| 040 |
_aCaPaEBR _cCaPaEBR |
||
| 035 | _a(OCoLC)472100512 | ||
| 050 | 1 | 4 |
_aPR6029.R8 _bZ58925 2009eb |
| 100 | 1 | _aBounds, Philip. | |
| 245 | 1 | 0 |
_aOrwell and Marxism _h[electronic resource] : _bthe political and cultural thinking of George Orwell / _cPhilip Bounds. |
| 260 |
_aLondon : _bI. B. Tauris, _c2009. |
||
| 300 | _a253 p. | ||
| 490 | 1 |
_aInternational library of cultural studies ; _v4 |
|
| 504 | _aIncludes bibliographical references and index. | ||
| 533 |
_aElectronic reproduction. _bPalo Alto, Calif. : _cebrary, _d2011. _nAvailable via World Wide Web. _nAccess may be limited to ebrary affiliated libraries. |
||
| 600 | 1 | 0 |
_aOrwell, George, _d1903-1950 _xPolitical and social views. |
| 600 | 1 | 0 |
_aOrwell, George, _d1903-1950 _xCriticism and interpretation. |
| 650 | 0 |
_aPolitics and literature _zGreat Britain _xHistory _y20th century. |
|
| 650 | 0 |
_aCommunism and literature _zGreat Britain _xHistory _y20th century. |
|
| 655 | 7 |
_aElectronic books. _2local |
|
| 710 | 2 | _aebrary, Inc. | |
| 830 | 0 |
_aInternational library of cultural studies ; _v4. |
|
| 856 | 4 | 0 |
_uhttp://site.ebrary.com/lib/rucke/Doc?id=10333416 _zAn electronic book accessible through the World Wide Web; click to view |
| 999 |
_c164981 _d164981 |
||